000 00428nam a2200145Ia 4500
008 100122s9999 xx 000 0 und d
082 _b52025
_a81
100 _aकेळकर ग म
245 _aन्यारा संत
260 _bनवसाहित्य बुक स्टॉल
_c1995
300 _a120
630 _aन्यारा संत
730 _aन्यारा संत
942 _cBOOK
999 _c429301
_d429298